000 00326nam a2200121Ia 4500
008 240624s9999 xx 000 0 und d
041 _aeng
082 _a920 KIR
100 _aKIRLOSKAR S V
245 _aMAN WHO MADE MACHINES BIOGRAPHY OF THE P
260 _c2019
_aPune
_bKirloskar Brothers Limited
300 _a278 p.; 23 cm.
999 _c31921
_d31921